[Event "AUTO-OPEN-2871"]
[Site "http://www.queenalice.com/game.php?id=1133795"]
[Date "2012.12.23"]
[Round "1"]
[White "fbn"]
[Black "alainbouley"]
[Result "0-1"]
[WhiteElo "1711"]
[BlackElo "1813"]

1. e4 Nc6 2. c3 d5 3. d3 dxe4 4. dxe4 Nf6 5. Qxd8+ Nxd8 6. e5 Nd5 7. Nf3 Nc6 8.
Bb5 e6 9. O-O Bd7 10. c4 Nb6 11. Bf4 O-O-O 12. a3 Be7 13. b4 a6 14. Bxc6 Bxc6
15. Nbd2 Bxf3 16. Nxf3 Nxc4 0-1

[Event "AUTO-OPEN-2871"]
[Site "http://www.queenalice.com/game.php?id=1133820"]
[Date "2012.12.23"]
[Round "1"]
[White "loicrclens"]
[Black "fbn"]
[Result "1-0"]
[WhiteElo "1874"]
[BlackElo "1734"]

1. d4 e6 2. Nf3 c5 3. e3 Nf6 4. Bd3 d5 5. c3 c4 6. Bc2 Be7 7. Nbd2 O-O 8. O-O
Nc6 9. e4 dxe4 10. Nxe4 b5 11. Qe2 Bb7 12. Bg5 1-0

[Event "AUTO-OPEN-2871"]
[Site "http://www.queenalice.com/game.php?id=1133821"]
[Date "2012.12.23"]
[Round "1"]
[White "fbn"]
[Black "loicrclens"]
[Result "0-1"]
[WhiteElo "1745"]
[BlackElo "1863"]

1. e4 e6 2. Nc3 d5 3. d4 Bb4 4. Bd2 Bxc3 5. Bxc3 dxe4 6. Qg4 Nf6 7. Qxg7 Rg8 8.
Qh6 Rg6 9. Qe3 b6 10. O-O-O Bb7 11. h3 Nbd7 12. f3 exf3 0-1

[Event "AUTO-OPEN-2871"]
[Site "http://www.queenalice.com/game.php?id=1133836"]
[Date "2012.12.23"]
[Round "1"]
[White "BENIGNOVSKY"]
[Black "fbn"]
[Result "1-0"]
[WhiteElo "1302"]
[BlackElo "1745"]

1. e4 c5 2. Nf3 d6 3. Bc4 e6 4. c3 Bd7 5. O-O b5 6. Bb3 Be7 7. d4 c4 8. Bc2 d5
9. exd5 exd5 10. Bf4 Nf6 11. Re1 O-O 12. Ne5 1-0

[Event "AUTO-OPEN-2871"]
[Site "http://www.queenalice.com/game.php?id=1133837"]
[Date "2012.12.23"]
[Round "1"]
[White "fbn"]
[Black "BENIGNOVSKY"]
[Result "0-1"]
[WhiteElo "1745"]
[BlackElo "1302"]

1. e4 d5 2. e5 c5 3. d4 cxd4 4. Qxd4 Nc6 5. Bb5 e6 6. Nf3 a6 7. Bxc6+ bxc6 8.
O-O c5 9. Qg4 Ne7 10. c3 Nc6 11. b3 Qc7 12. Bf4 g6 0-1

[Event "AUTO-OPEN-3387"]
[Site "http://www.queenalice.com/game.php?id=1324408"]
[Date "2014.11.26"]
[Round "1"]
[White "ootomm"]
[Black "fbn"]
[Result "0-1"]
[WhiteElo "1554"]
[BlackElo "1668"]

1. Nc3 e5 2. e4 Nc6 3. a3 Nf6 4. Nf3 d5 5. exd5 Nxd5 6. Bb5 Nxc3 7. bxc3 Bd7 8.
Bxc6 Bxc6 9. d3 Bd6 10. Be3 O-O 11. O-O b5 12. c4 bxc4 13. dxc4 e4 14. Nd4 Bb7
15. Nf5 Qf6 16. Nxd6 cxd6 17. f3 Qg6 18. f4 f5 19. c3 a5 20. c5 d5 21. c4 Rfd8
22. Rb1 Bc6 23. h3 dxc4 24. Qc2 Bd5 25. Rb6 Qg3 26. Qf2 Qxf2+ 27. Rxf2 Rdc8 28.
Rd2 Rd8 29. c6 Rac8 30. Ra6 a4 31. Bb6 c3 32. Rc2 Rxc6 33. Bxd8 Rxa6 34. Rxc3
Ra8 35. Bh4 h6 36. Rc5 Be6 37. Bf2 g6 38. Bd4 Rd8 39. Bf6 Rd3 40. Ra5 Rxa3 41.
Be7 Ra1+ 42. Kh2 e3 43. Ra8+ Kf7 44. Bc5 e2 45. Ra7+ Kg8 46. Bb4 Bb3 47. Ra8+
Kf7 48. Ra7+ Ke6 49. Re7+ Kd5 50. Rxe2 Kc4 51. Ba3 Rxa3 52. Re6 Ra1 53. Rxg6 a3
54. Rxh6 Ba4 55. Re6 Rc1 56. Re2 Bc2 57. Re8 a2 58. Rc8+ Kb3 59. Rb8+ Ka3 60.
Ra8+ Ba4 0-1

[Event "AUTO-OPEN-3387"]
[Site "http://www.queenalice.com/game.php?id=1324409"]
[Date "2014.11.26"]
[Round "1"]
[White "fbn"]
[Black "ootomm"]
[Result "1-0"]
[WhiteElo "1724"]
[BlackElo "1460"]

1. e4 e5 2. Nf3 Nc6 3. Nc3 a6 4. d4 f6 5. d5 Na5 6. a3 Bd6 7. b4 Nc6 8. dxc6
bxc6 9. Be3 Ne7 10. Bc4 Bb7 11. O-O g5 12. Nxg5 fxg5 13. Bxg5 Rg8 14. Bxg8 c5
15. Qh5+ 1-0

[Event "AUTO-OPEN-3387"]
[Site "http://www.queenalice.com/game.php?id=1324436"]
[Date "2014.11.26"]
[Round "1"]
[White "salso"]
[Black "fbn"]
[Result "1-0"]
[WhiteElo "2146"]
[BlackElo "1716"]

1. d4 d5 2. e3 e6 3. Bd3 Nc6 4. f4 Nf6 5. c3 Bd7 6. Nd2 Bd6 7. Ngf3 b5 8. O-O a5
9. Ne5 b4 10. Qf3 O-O 11. e4 Bxe5 12. fxe5 dxe4 13. Nxe4 Nxe4 14. Qxe4 g6 15.
Bh6 Re8 16. Qf4 1-0

[Event "AUTO-OPEN-3387"]
[Site "http://www.queenalice.com/game.php?id=1324437"]
[Date "2014.11.26"]
[Round "1"]
[White "fbn"]
[Black "salso"]
[Result "0-1"]
[WhiteElo "1698"]
[BlackElo "2055"]

1. e4 e5 2. Nf3 d6 3. Nc3 c6 4. d4 Nd7 5. Bc4 Be7 6. O-O Qc7 7. d5 Ngf6 8. a4
Nb6 9. Bd3 Bg4 10. a5 Nbd7 11. h3 Bh5 12. Re1 a6 13. b4 c5 14. b5 c4 15. b6 Qc8
16. Be2 Nc5 17. Bxc4 Bg6 18. Bd3 O-O 19. Nh4 Nfd7 20. Nf5 Bxf5 21. exf5 Nxd3 22.
Qxd3 Nc5 23. Qf3 Qd8 24. Ne4 Nxe4 25. Qxe4 Rc8 26. c4 Bg5 27. Bb2 g6 28. Bc1
Bxc1 29. Rexc1 Rc5 30. Rc3 g5 31. Rg3 f6 32. h4 h6 33. h5 Qd7 34. Rc3 Rfc8 35.
g4 Kf7 0-1

[Event "AUTO-OPEN-3387"]
[Site "http://www.queenalice.com/game.php?id=1324456"]
[Date "2014.11.26"]
[Round "1"]
[White "fbn"]
[Black "nemesisdebogota"]
[Result "0-1"]
[WhiteElo "1700"]
[BlackElo "2149"]

1. e4 e5 2. Nf3 Nc6 3. Nc3 Nf6 4. Bc4 Bc5 5. O-O d6 6. h3 O-O 7. d3 h6 8. Re1
Be6 9. Bxe6 fxe6 10. a3 Qe8 11. Be3 Nd4 12. b4 Bb6 13. Ne2 Nxf3+ 14. gxf3 Nh5
15. Bxb6 axb6 16. Ng3 Qf7 17. Nxh5 Qxh5 18. Kg2 Rf4 19. Rh1 Raf8 0-1

[Event "AUTO-OPEN-3387"]
[Site "http://www.queenalice.com/game.php?id=1324457"]
[Date "2014.11.26"]
[Round "1"]
[White "nemesisdebogota"]
[Black "fbn"]
[Result "1-0"]
[WhiteElo "2148"]
[BlackElo "1702"]

1. e4 e5 2. f4 exf4 3. Nf3 d6 4. d4 g5 5. h3 Bg7 6. Bc4 Qe7 7. O-O c6 8. c3 b5
9. Bb3 g4 10. hxg4 Bxg4 11. Qe1 Nd7 12. Bxf4 O-O-O 13. Nbd2 Re8 14. Qg3 Bxf3 15.
Bxd6 Be5 16. Bxe5 f6 17. Bd6 1-0

[Event "AUTO-ADV-3297"]
[Site "http://www.queenalice.com/game.php?id=1324468"]
[Date "2014.11.26"]
[Round "1"]
[White "fbn"]
[Black "mvson33"]
[Result "1-0"]
[WhiteElo "1699"]
[BlackElo "1886"]

1. e4 d5 2. exd5 Qxd5 3. Nc3 Qa5 4. d4 Nf6 5. Nf3 c6 6. Bc4 Bg4 7. Bxf7+ Kxf7 8.
Ne5+ Ke8 9. Nxg4 Nbd7 10. O-O Nxg4 11. Qxg4 Nf6 12. Qf3 e6 13. a3 Bd6 14. Bd2
Qd8 15. Rfe1 Kf7 16. Ne4 Rf8 17. Ng5+ 1-0

[Event "AUTO-ADV-3297"]
[Site "http://www.queenalice.com/game.php?id=1324469"]
[Date "2014.11.26"]
[Round "1"]
[White "mvson33"]
[Black "fbn"]
[Result "1-0"]
[WhiteElo "1808"]
[BlackElo "1729"]

1. Nf3 c5 2. d4 e6 3. dxc5 Bxc5 4. e3 Nf6 5. Bb5 a6 6. Bd3 O-O 7. O-O d5 8. Nc3
Nc6 9. Be2 e5 10. Re1 e4 11. Nd4 g6 12. Na4 Bxd4 13. exd4 Nd7 14. Bh6 Re8 15. c4
Nb6 16. Nxb6 Qxb6 17. b3 dxc4 18. d5 Ne5 19. bxc4 f5 20. Be3 Qd8 21. Qd4 b6 22.
Bh6 Qc7 23. Rac1 Qc5 24. Qxc5 bxc5 25. Rb1 Nd7 26. Rb2 Kf7 27. Reb1 Kf6 28. Bd1
g5 29. h4 g4 30. Be3 a5 31. Ba4 Kg7 32. Bxd7 Bxd7 33. Rb7 Re7 34. Rc7 Rc8 35.
Rxc8 Bxc8 36. Rb5 a4 37. Rxc5 Bd7 38. Rc7 h6 39. c5 Rf7 40. c6 Be8 41. d6 Bxc6
42. Rxc6 1-0

[Event "AUTO-ADV-3297"]
[Site "http://www.queenalice.com/game.php?id=1324470"]
[Date "2014.11.26"]
[Round "1"]
[White "fbn"]
[Black "Cuyo"]
[Result "1-0"]
[WhiteElo "1716"]
[BlackElo "1964"]

1. e4 d5 2. exd5 Qxd5 3. Nc3 Qa5 4. d4 c6 5. Nf3 Bf5 6. Bc4 Nd7 7. Bf4 O-O-O 8.
O-O f6 9. a3 Bg6 10. b4 Qf5 11. Be3 Qxc2 12. Qxc2 Bxc2 13. d5 cxd5 14. Bxd5 Kb8
15. Ra2 Bg6 16. Be6 Ne5 17. Nxe5 fxe5 18. Rd1 Rxd1+ 19. Nxd1 Be8 20. Rc2 Bc6 21.
b5 Kc7 22. bxc6 b6 23. f4 Nf6 24. fxe5 Ne8 25. Bd7 1-0

[Event "AUTO-ADV-3297"]
[Site "http://www.queenalice.com/game.php?id=1324471"]
[Date "2014.11.26"]
[Round "1"]
[White "Cuyo"]
[Black "fbn"]
[Result "1-0"]
[WhiteElo "1931"]
[BlackElo "1696"]

1. b4 e5 2. Bb2 Bxb4 3. Bxe5 Nf6 4. a3 Ba5 5. Nf3 d6 6. Bb2 O-O 7. g3 c5 8. Bg2
Nbd7 9. O-O d5 10. e3 Nb6 11. d3 c4 12. Nc3 Bxc3 13. Bxc3 Be6 14. Nd4 Rc8 15.
Bb4 Re8 16. Nb5 Rc6 17. Nxa7 Rc7 18. Rb1 Qa8 19. Ba5 Qxa7 20. Bxb6 Qb8 21. Bxc7
Qxc7 22. dxc4 Qxc4 23. Rxb7 Qc6 24. Rb4 Bf5 25. c4 Qa6 26. cxd5 Qxa3 27. Rb7 Qd6
28. Qa4 Bd7 29. Qd4 Bc8 30. Rb6 Qf8 31. e4 Nd7 32. Rb4 Ne5 33. f4 1-0

[Event "AUTO-ADV-3297"]
[Site "http://www.queenalice.com/game.php?id=1324472"]
[Date "2014.11.26"]
[Round "1"]
[White "fbn"]
[Black "andrevillares"]
[Result "0-1"]
[WhiteElo "1712"]
[BlackElo "1981"]

1. e4 c6 2. d4 d5 3. e5 Bf5 4. g4 Bg6 5. h4 h5 6. g5 e6 7. Nc3 Bb4 8. Bd2 Ne7 9.
Bd3 Bxd3 10. cxd3 Nd7 11. a3 Bxc3 12. Bxc3 Qc7 13. b4 O-O-O 14. a4 f6 15. Nf3
fxe5 16. dxe5 Rhf8 17. d4 Nb6 18. a5 Nc4 19. Nd2 Nxd2 20. Qxd2 Rf3 21. Rh2 Rdf8
22. b5 cxb5 23. Bb4 Kd7 0-1

[Event "AUTO-ADV-3297"]
[Site "http://www.queenalice.com/game.php?id=1324473"]
[Date "2014.11.26"]
[Round "1"]
[White "andrevillares"]
[Black "fbn"]
[Result "1-0"]
[WhiteElo "1986"]
[BlackElo "1707"]

1. d4 d5 2. c4 e6 3. Nc3 Bb4 4. Nf3 Na6 5. g3 Nf6 6. Bg5 dxc4 7. Bg2 O-O 8. O-O
h6 9. Bxf6 Qxf6 10. Ne4 Qe7 11. Ne5 Rb8 12. Nxc4 b5 13. Ne5 Bd6 14. f4 Bxe5 15.
dxe5 Nc5 16. Rc1 Nxe4 17. Bxe4 c5 18. Qd6 Qxd6 19. exd6 Rd8 20. Rxc5 Rxd6 21.
Rfc1 Ba6 22. Bd3 g6 23. b4 1-0

[Event "AUTO-ADV-3368"]
[Site "http://www.queenalice.com/game.php?id=1345514"]
[Date "2015.3.4"]
[Round "1"]
[White "fbn"]
[Black "Paked"]
[Result "0-1"]
[WhiteElo "1672"]
[BlackElo "1903"]

1. e4 e5 2. Nf3 Nc6 3. Nc3 Bc5 4. Bb5 Nge7 5. O-O O-O 6. d3 a6 7. Bxc6 Nxc6 8.
a3 d6 9. h3 Qf6 10. Nd5 Qd8 11. b4 Ba7 12. c4 Nd4 13. Nxd4 Bxd4 14. Ra2 f5 15.
exf5 Bxf5 16. Be3 c5 17. Bxd4 cxd4 18. Qf3 Qg5 19. Re1 Rf7 20. g4 Bg6 21. Qg3 h5
0-1

[Event "AUTO-ADV-3368"]
[Site "http://www.queenalice.com/game.php?id=1345515"]
[Date "2015.3.4"]
[Round "1"]
[White "Paked"]
[Black "fbn"]
[Result "1-0"]
[WhiteElo "1896"]
[BlackElo "1679"]

1. e4 e5 2. Nf3 Nc6 3. Bc4 Nf6 4. d3 Be7 5. O-O O-O 6. Bg5 Nd4 7. c3 Nxf3+ 8.
Qxf3 c6 9. d4 d6 10. Rd1 d5 11. Bxf6 Bxf6 12. dxe5 Bxe5 13. exd5 c5 14. Nd2 Bd6
15. Ne4 a6 16. a4 f5 17. Ng3 Qg5 18. b4 b6 19. Rab1 f4 20. Ne4 Qg6 21. bxc5 1-0